| 000 | 00994nam a2200265Ia 4500 | ||
|---|---|---|---|
| 003 | OSt | ||
| 005 | 20221005103443.0 | ||
| 006 | a|||||r|||| 00| 0 | ||
| 007 | ta | ||
| 008 | 221004b |||||||| |||| 00| 0 hin d | ||
| 024 | _a113206 | ||
| 037 | _cTextual | ||
| 040 |
_aCRL _cCRL _bhin |
||
| 041 |
_2hin _ahin |
||
| 082 | _aZ1, 152M5 | ||
| 100 | _aचतुर्वेदी, अरूण | ||
| 245 | 0 | _aनये राष्ट्र और अन्तर्राष्ट्रीय विधि | |
| 246 | _aNaye rāṣhṭra aur antarrāṣhṭrīya vidhi | ||
| 260 |
_aजयपुर _bप्रिन्टवैल पब्लिशर्स भारत _c1985 |
||
| 300 |
_a146पृ0 _ccm. |
||
| 650 | _aभारतीय कानून | ||
| 700 | _a तायल, विमलेन्दु | ||
| 942 |
_hZ1, 152M5 _cTEXL _2cc |
||
| 999 |
_c1010104 _d1010104 |
||